| 000 | 00794nam a2200277Ia 4500 | ||
|---|---|---|---|
| 003 | OSt | ||
| 005 | 20221006152014.0 | ||
| 006 | a|||||r|||| 00| 0 | ||
| 007 | ta | ||
| 008 | 221006b |||||||| |||| 00| 0 chi d | ||
| 020 |
_a9784000220149 _c¥2800 |
||
| 024 | _a24,193 | ||
| 037 |
_bGift, Japan Foundation _cAnnuals, Advances |
||
| 040 |
_aEASL _cEASL _bchi |
||
| 041 |
_2chi _achi |
||
| 082 | _aR195.42, P3 | ||
| 100 | _aKAWAI Hayao Ed. | ||
| 245 | 0 | _aAimai no chi (shiru) | |
| 260 |
_aTokyo _bIwanami Japan _c2003 |
||
| 300 |
_a310p. _ccm. |
||
| 490 | _v JL | ||
| 650 | _aJL | ||
| 700 |
_a NAKAZAWA Shinichi Ed. _9660519 |
||
| 942 |
_hR195.42, P3 _cREF _2CC |
||
| 999 |
_c1092279 _d1092279 |
||